| 000 | 00800nam a2200289Ia 4500 | ||
|---|---|---|---|
| 008 | 160803s9999 xx 000 0 und d | ||
| 020 | _a978-0060535032 | ||
| 100 | _aAllende, Isabel | ||
| 245 | _aCity of the beasts / | ||
| 245 | _cIsabel Allende ; translated from the Spanish by Margaret Sayers Peden. | ||
| 260 | _aNew York : | ||
| 260 | _bScholastic Inc. | ||
| 260 | _c2002 | ||
| 300 | _a406, 15 pages ; | ||
| 300 | _c19 cm. | ||
| 650 | _aAdventure and adventurers -- | ||
| 650 | _aAmazon River Valley -- | ||
| 650 | _aGrandmothers -- | ||
| 650 | _aIndians of South America -- Amazon River Valley -- | ||
| 650 | _aSupernatural -- | ||
| 650 | _xFiction. | ||
| 650 | _xFiction. | ||
| 650 | _xFiction. | ||
| 650 | _xFiction. | ||
| 650 | _xFiction. | ||
| 700 | _a1030 | ||
| 999 |
_c298411 _d298411 |
||